000
00310 a2200109 4500
001
ART_48656
005
20260410161757.0
008
260409a
245
1
0
_a
Acuerdo conclusivo voluntario
100
1
_a
Coronello, Silvina E.
773
0
_t
Doctrina tributaria
_g
- N°469 (abr. 2019)
_w
REV4296
999
_c
20225
_d
20225